Overovanie kalibračného zariadenia pre meranie čiastkových výbojov : Diplomová práca /

Salvato in:
Dettagli Bibliografici
Autore principale: Struž, Miroslav (Autore)
Altri autori: Šandrik, Pavol, 1938- (Relatore della tesi)
Natura: Manoscritto Libro
Pubblicazione: Bratislava : STU v Bratislave FEI, 1997
Soggetti:
Tags: Aggiungi Tag
Nessun Tag, puoi essere il primo ad aggiungerne!!

MARC

LEADER 00000ntm a22000003a 4500
001 stu9945
005 20160719164944.9
008 970627s1997----------------------------d
040 |a STU  |b slo 
041 0
100 1 |a Struž, Miroslav  |4 aut 
245 1 |a Overovanie kalibračného zariadenia pre meranie čiastkových výbojov :  |b Diplomová práca /  |c [aut.] Struž,Miroslav; Škol. řandrik,Pavol 
260 |a Bratislava :  |b STU v Bratislave FEI,  |c 1997 
300 |a 49 s :  |b príl 
650 7 |a Elektroenergetické a silnoprúdové inžinierstvo  |2 stusub 
700 1 |a Šandrik, Pavol,  |d 1938-  |4 ths  |u E130  |U FEI Fakulta elektrotechniky a informatiky  |T FEI Katedra elektroenergetiky  |X 4259  |U E130  |Y 59  |7 A000004259